Incoterms 1990
Vzťahy medzi kupujúcim a predávajúcim určuje súbor pravidiel vydaných Medzinárodnou obchodnou komorou v Paríži - Incoterms. Dodacie podmienky Incoterms.
Gespeichert in:
| 1. Verfasser: | |
|---|---|
| Format: | Buchkapitel |
| Sprache: | Slowakisch |
| Schlagworte: | |
| Tags: |
Keine Tags, Fügen Sie das erste Tag hinzu!
|
MARC
| LEADER | 00000naa a2200000 4500 | ||
|---|---|---|---|
| 001 | r033071 | ||
| 005 | 20230911131950.5 | ||
| 041 | 0 | |a slo | |
| 044 | |a SK | ||
| 245 | 1 | 0 | |a Incoterms 1990 |c Daniel Jánoš |
| 520 | |a Vzťahy medzi kupujúcim a predávajúcim určuje súbor pravidiel vydaných Medzinárodnou obchodnou komorou v Paríži - Incoterms. Dodacie podmienky Incoterms. | ||
| 610 | 2 | 0 | |a vzťahy obchodné |
| 610 | 2 | 0 | |a podmienky dodacie |
| 610 | 2 | 0 | |a podmienky obchodné |
| 610 | 2 | 0 | |a komory obchodné |
| 610 | 2 | 0 | |a zmluvy kúpne |
| 610 | 2 | 0 | |a riziko |
| 610 | 2 | 0 | |a predajcovia |
| 610 | 2 | 0 | |a zákazníci |
| 610 | 2 | 0 | |a náklady |
| 610 | 2 | 0 | |a INCOTERMS 1990 |
| 100 | 1 | |a Jánoš, Daniel | |